| 000 | 00338nam a22001217a 4500 | ||
|---|---|---|---|
| 999 |
_c5298 _d5298 |
||
| 008 | 250902b ||||| |||| 00| 0 eng d | ||
| 020 | _a9781529517019 | ||
| 082 | _a813.6 DWI | ||
| 100 |
_aDWIVEDI,AVANI _eAUTHOR _lENGLISH |
||
| 245 | _aMY BOLLYWOOD DREAM | ||
| 260 |
_a87,VAUXHALL WALK,LONDON SE11 5HJ _bWALKER BOOKS LTD _c2024 |
||
| 942 | _2ddc | ||